Sustainable Transformation of the Academic Environment: A Case Study of Green Faculty Days
V kontexte rastúcich ekologických výziev a potreby formovať environmentálne uvedomelú spoločnosť zohrávajú univerzity kľúčovú úlohu v podpore udržateľnosti a rozvoji environmentálne orientovaného myslenia. Projekt „Zelená fakulta“, realizovaný na Fakulte podnikohospodárstva Ekonomickej univerzity v...
Gespeichert in:
| 1. Verfasser: | |
|---|---|
| Weitere Verfasser: | |
| Format: | Buchkapitel |
| Sprache: | Englisch |
| Schlagworte: | |
| Tags: |
Keine Tags, Fügen Sie das erste Tag hinzu!
|
MARC
| LEADER | 00000naa$a2200000$$$4500 | ||
|---|---|---|---|
| 001 | 0313387 | ||
| 005 | 20260116073314.7 | ||
| 041 | 0 | |a eng | |
| 044 | |a SK | ||
| 245 | 1 | 0 | |a Sustainable Transformation of the Academic Environment: A Case Study of Green Faculty Days |c Karin Karamanová, Lenka Kuhnová |
| 520 | |a V kontexte rastúcich ekologických výziev a potreby formovať environmentálne uvedomelú spoločnosť zohrávajú univerzity kľúčovú úlohu v podpore udržateľnosti a rozvoji environmentálne orientovaného myslenia. Projekt „Zelená fakulta“, realizovaný na Fakulte podnikohospodárstva Ekonomickej univerzity v Bratislave so sídlom v Košiciach (PEF UE), predstavuje modelovú iniciatívu, ktorá spája environmentálnu výchovu, zapojenie komunity a praktickú implementáciu udržateľných riešení v akademickom prostredí. V rámci dvoch podujatí, ktoré sa konali v Košiciach a Vzdelávacom centre v Michalovciach v marci 2025, boli realizované aktivity zamerané na podporu recyklácie, výmeny rastlín, tvorby ekologických produktov a revitalizácie verejných priestorov fakulty. | ||
| 610 | 2 | 0 | |a transformácia |
| 610 | 2 | 0 | |a inteligencia umelá |
| 610 | 2 | 0 | |a environmentalistika |
| 610 | 2 | 0 | |a ekológia |
| 610 | 2 | 0 | |a udržateľnosť |
| 610 | 2 | 0 | |a infraštruktúra zelená |
| 100 | 1 | |a Karamanová, Karin | |
| 700 | 1 | |a Kuhnová, Lenka, 1989- | |